Konfederacja - Statystyki

Ogólne statystyki
  • Ten quiz został rozwiązany 104 razy
  • Średni wynik to 8 z 22
Statystyki odpowiedzi
LP Ranga Organizacja Odpowiedź % Poprawnych
2 Współprzewodniczący Konfederacja Sławomir Mentzen
98%
1 Wicemarszałek sejmu Konfederacja Krzysztof Bosak
93%
7 Europoseł KonfederacjaNiezrzeszony Grzegorz Braun
89%
4 Europoseł KonfederacjaGrupa Europa Suwerennych Narodów Ewa Zajączkowska-Hernik/Ewa Zajączkowska
77%
3 Europoseł KonfederacjaPatrioci za europą Anna Bryłka
59%
15 Poseł Konfederacja i Nowa nadzieja Konrad Berkowicz
57%
19 Poseł Konfederacja Roman Fritz
34%
5 Europoseł KonfederacjaGrupa Europa Suwerennych Narodów Stanisław Tyszka
31%
22 Poseł Konfederacja Włodzimierz Skalik
30%
17 Poseł Konfederacja Michał Wawer
25%
18 Poseł Konfederacja i Nowa nadzieja Przemysław Wipler
25%
20 Poseł Konfederacja i Nowa nadzieja Ryszard Wilk
24%
6 Europoseł KonfederacjaPatrioci za europą Tomasz Buczek
24%
8 Europoseł KonfederacjaGrupa Europa Suwerennych Narodów Marcin Sypniewski
23%
21 Poseł Konfederacja Witold Tumanowicz
23%
13 Poseł Konfederacja Krzysztof Tuduj
21%
11 Poseł Konfederacja Krzysztof Mulawa
20%
10 Poseł KonfederacjaBezpartyjny Andrzej Zapałowski
17%
12 Poseł Konfederacja i Ruch Narodowy Krzysztof Szymański
17%
9 Poseł Konfederacja i Nowa nadzieja Bartłomiej Pejo
13%
14 Poseł Konfederacja i Nowa nadzieja Bronisław Foltyn
11%
16 Poseł Konfederacja i Nowa nadzieja Michał Połuboczek
11%
Nie znaleziono quizów pasujących do podanych kryteriów
Rozkład punktacji
Procent ludzi z każdym wynikiem
Percentyl według liczby udzielonych odpowiedzi
Twoja historia wyników
Nie rozwiązałeś tego quizu